LEADER 01218nam a22003013i 4500 001 991000400399707536 005 20021007084525.0 008 021007s1975 it |||||||||||||||||ita 035 $ab11999512-39ule_inst 035 $aARCHE-008931$9ExL 040 $aDip.to Filologia Ling. e Lett.$bita$cA.t.i. Arché s.c.r.l. Pandora Sicilia s.r.l. 082 04$a850.9 100 1 $aPiroue, Georges$0392200 245 10$aPirandello /$cGeorges Piroue ; introduzione di Leonardo Sciascia 260 $aPalermo :$bSellerio,$c1975 300 $aX, 231 p. ;$c20 cm 500 $aTrad. A. Zaccaria 650 4$aPirandello, Luigi 700 1 $aSciascia, Leonardo$d<1921-1989> 700 1 $aZaccaria, Alfonso 907 $a.b11999512$b02-04-14$c01-04-03 912 $a991000400399707536 945 $aLE008 Cr G VI 30$g1$i2008000218317$lle008$o-$pE0.00$q-$rl$s- $t0$u2$v0$w2$x0$y.i12284373$z01-04-03 945 $aLE008$g2$lle008$nDA ELIMINARE$on$pE0.00$q-$rl$s- $t0$u0$v0$w0$x0$y.i12284385$z01-04-03 945 $aLE008 Cr E X 33$g3$i2008000217150$lle008$o-$pE0.00$q-$rl$s- $t0$u0$v0$w0$x0$y.i12284397$z01-04-03 996 $aPirandello$9134147 997 $aUNISALENTO 998 $ale008$b01-04-03$cm$da $e-$fita$git $h0$i3 LEADER 00935nam a22002411i 4500 001 991004056739707536 005 20040715124518.0 008 040802s1984 it |||||||||||||||||ita 035 $ab13166013-39ule_inst 035 $aARCHE-111862$9ExL 040 $aBiblioteca Interfacoltà$bita$cA.t.i. Arché s.c.r.l. Pandora Sicilia s.r.l. 082 04$a303.6 245 00$aNord e Sud :$barmi e fame : atti del convegno nazionale di Testimonianze (Firenze, 12-13 febbraio 1983) 260 $a[S. Domenico di Fiesole] :$bTestimonianze,$c1984 300 $a1 v. ;$c21 cm 440 0$aTestimonianze ;$v253-255 650 4$aPacifismo 907 $a.b13166013$b02-04-14$c05-08-04 912 $a991004056739707536 945 $aLE002 SP 200/253-255$g1$i2002000357496$lle002$nC. 1$o-$pE0.00$q-$rl$so $t0$u0$v0$w0$x0$y.i13805587$z05-08-04 996 $aNord e Sud$963216 997 $aUNISALENTO 998 $ale002$b05-08-04$cm$da $e-$fita$git $h0$i1 LEADER 01683nas 2200409 n 450 001 990008895340403321 005 20240229084534.0 011 $a0570-1627 035 $a000889534 035 $aFED01000889534 035 $a(Aleph)000889534FED01 035 $a000889534 091 $2CNR$aP 00095139 100 $a20090724b19641981km-y0itaa50------ba 101 0 $afre 102 $aFR 110 $aauu-------- 200 1 $aAnnales de paléontologie. Vertébrés 207 1$a1964-1981 210 $aParis$cMasson 443 0$1001000889531$12001$aAnnales de paléontologie 447 0$1001000889532$12001$aAnnales de paléontologie [1982] 530 0 $aAnnales de paléontologie. Vertébrés 675 $a56 676 $a560 676 $a562 676 $a560.5 801 0$aIT$bACNP$c20090723 859 4 $uhttp://acnp.cib.unibo.it/cgi-ser/start/it/cnr/dc-p1.tcl?catno=63584&person=false&language=ITALIANO&libr=&libr_th=unina1$zBiblioteche che possiedono il periodico 901 $aSE 912 $a990008895340403321 958 $aBiblioteca del Gruppo Geomineralogico - Università degli studi di Napoli Federico II$b1964-1976;1978-1981.$c1972;1975-1976;1981.$eSc. 14$fGM1 959 $aGM1 996 $aAnnales de paléontologie. Vertébrés$9801335 997 $aUNINA AP1 8 $6866-01$aNA081 Biblioteca del Gruppo Geomineralogico - Università degli studi di Napoli Federico II$bSc. 14$elargo San Marcellino, 10, 80138 Napoli (NA)$m0812538157$nit AP2 40$aacnp.cib.unibo.it$nACNP Italian Union Catalogue of Serials$uhttp://acnp.cib.unibo.it/cgi-ser/start/it/cnr/df-p.tcl?catno=63584&language=ITALIANO&libr=&person=&B=1&libr_th=unina&proposto=NO